[Event "37th ECC Women 2022"]
[Site "Mayrhofen AUT"]
[Date "2022.10.04"]
[Round "2.3"]
[Board "1"]
[White "Danielian, Elina"]
[Black "Sukandar, Irine Kharisma"]
[Result "1/2-1/2"]
[WhiteTitle "GM"]
[BlackTitle "IM"]
[WhiteElo "2431"]
[BlackElo "2401"]
[WhiteTeam "ASVOe Pamhagen"]
[BlackTeam "Wood Green"]
[WhiteFideId "13300210"]
[BlackFideId "7101937"]
[EventDate "2022.10.03"]

1. d4 d5 2. Nf3 Nf6 3. c4 e6 4. e3 a6 5. Nbd2 Be7 6. Bd3 O-O 7. O-O c5 8. dxc5
Bxc5 9. Qc2 Nbd7 10. cxd5 exd5 11. b3 b6 12. Bb2 Bb7 13. Rac1 Re8 14. Bf5 h6 15.
Rfd1 Qe7 16. Qb1 Rad8 17. Qa1 g6 18. Bxd7 Nxd7 19. Nf1 Rc8 20. Ng3 a5 21. h3 a4
22. Qb1 a3 23. Ba1 Bd6 24. Ne2 d4 25. Rxc8 Rxc8 26. Rxd4 Ne5 27. Ne1 Nc6 28. Rd1
Nb4 29. Rd2 Be5 30. Qd1 Bxa1 31. Qxa1 Qe4 32. Ng3 Qc6 33. Qd4 Qc3 34. Qxc3 Rxc3
35. Ne2 Rc7 36. f3 Ba6 37. Kf2 Kg7 38. h4 h5 39. e4 Kf8 40. Ke3 Ke8 41. Nd4 Rc3+
42. Kf4 Bf1 43. Nec2 Nxa2 44. Nxa3 Nc1 45. Rc2 Rc5 46. Ke3 Nd3 47. g3 Nb4 48.
Rxc5 bxc5 49. Ndc2 Nc6 50. Nc4 Ke7 51. Kf2 Bd3 52. N2e3 Nd4 53. Nd5+ Kf8 54. Ne5
Bb5 55. b4 cxb4 56. Nxb4 Kg7 57. Ke3 Ne6 58. f4 Bf1 59. Nd5 Bg2 60. Nc3 Nc5 61.
Nc4 Bf1 62. Nd2 Ba6 63. Nf3 Nd7 64. Nd5 Nc5 65. Kd4 Nb3+ 66. Ke3 Nc5 67. f5 Bb7
68. fxg6 f5 69. Nf4 Nxe4 70. Nxh5+ Kxg6 71. Nf4+ Kh6 72. Ne2 Ba6 73. Nfd4 Kg6
74. Nf4+ Kf6 75. g4 Bc8 76. g5+ Nxg5 77. Nd5+ Ke5 78. hxg5 Kxd5 79. g6 f4+ 80.
Kd3 Be6 81. g7 Bg8 82. Nf3 Ke6 83. Ke4 1/2-1/2

[Event "37th ECC Women 2022"]
[Site "Mayrhofen AUT"]
[Date "2022.10.04"]
[Round "2.3"]
[Board "2"]
[White "Houska, Jovanka"]
[Black "Ushenina, Anna"]
[Result "1/2-1/2"]
[WhiteTitle "IM"]
[BlackTitle "GM"]
[WhiteElo "2354"]
[BlackElo "2445"]
[WhiteTeam "Wood Green"]
[BlackTeam "ASVOe Pamhagen"]
[WhiteFideId "405094"]
[BlackFideId "14110911"]
[EventDate "2022.10.03"]

1. d4 d5 2. c4 dxc4 3. e3 Nf6 4. Bxc4 e6 5. Nf3 c5 6. O-O Nc6 7. a3 a6 8. dxc5
Qxd1 9. Rxd1 Bxc5 10. b4 Be7 11. Bb2 b5 12. Be2 Bb7 13. Nbd2 O-O 14. Rac1 Rfd8
15. Nb3 Rxd1+ 16. Bxd1 Nd7 17. Nfd2 Rc8 18. Bf3 Kf8 19. Kf1 g6 20. g3 h5 21. h4
Bd6 22. Ne4 Be5 23. Bxe5 Ncxe5 24. Rxc8+ Bxc8 25. Be2 Bb7 26. Nc3 Bf3 27. Bxf3
Nxf3 28. a4 bxa4 29. Nxa4 Nfe5 30. Nac5 Nb8 31. Nd4 Ke7 32. Ke2 Kd6 33. Kd2 Ng4
34. f3 Nf6 35. e4 Nfd7 36. Ndb3 e5 37. Kc3 Kc6 38. Kc4 Nb6+ 39. Kc3 N6d7 40. Kc4
Nb6+ 41. Kc3 1/2-1/2

[Event "37th ECC Women 2022"]
[Site "Mayrhofen AUT"]
[Date "2022.10.04"]
[Round "2.3"]
[Board "3"]
[White "Osmak, Yuliia"]
[Black "Arakhamia-Grant, Ketevan"]
[Result "1-0"]
[WhiteTitle "IM"]
[BlackTitle "GM"]
[WhiteElo "2428"]
[BlackElo "2333"]
[WhiteTeam "ASVOe Pamhagen"]
[BlackTeam "Wood Green"]
[WhiteFideId "14101602"]
[BlackFideId "13600168"]
[EventDate "2022.10.03"]

1. d4 Nf6 2. c4 g6 3. Nc3 Bg7 4. e4 d6 5. Be2 O-O 6. Be3 e5 7. d5 Na6 8. g4 Nc5
9. f3 h5 10. h4 hxg4 11. b4 Na6 12. fxg4 Nxb4 13. h5 Nh7 14. Qd2 a5 15. g5 b6
16. O-O-O Qe7 17. Nf3 Rd8 18. Nh4 Nf8 19. Rdf1 Bd7 20. Bd1 Rdb8 21. h6 Bh8 22.
h7+ Nxh7 23. Qh2 f5 24. gxf6 Bxf6 25. Nxg6 Qg7 26. Rhg1 Re8 27. Bh6 1-0

[Event "37th ECC Women 2022"]
[Site "Mayrhofen AUT"]
[Date "2022.10.04"]
[Round "2.3"]
[Board "4"]
[White "Hunt, Harriet V"]
[Black "Maltsevskaya, Aleksandra"]
[Result "0-1"]
[WhiteTitle "IM"]
[BlackTitle "IM"]
[WhiteElo "2359"]
[BlackElo "2389"]
[WhiteTeam "Wood Green"]
[BlackTeam "ASVOe Pamhagen"]
[WhiteFideId "403512"]
[BlackFideId "24174041"]
[EventDate "2022.10.03"]

1. e4 e5 2. Nf3 Nc6 3. Bb5 a6 4. Ba4 Bc5 5. c3 Nge7 6. d4 exd4 7. cxd4 Bb4+ 8.
Nc3 d5 9. O-O dxe4 10. Nxe4 O-O 11. a3 Bd6 12. h3 Bf5 13. Re1 h6 14. Bd2 Qd7 15.
Qc1 Bxh3 16. Bxh6 Qg4 17. Qg5 Qxg2+ 18. Qxg2 Bxg2 19. Kxg2 gxh6 20. Bxc6 Nxc6
21. Rh1 Kg7 22. Rag1 Rh8 23. Kf1+ Kf8 24. Rh4 Rd8 25. Nc3 Be7 26. Rf4 Bg5 27.
Nxg5 hxg5 28. Rxg5 Nxd4 29. Rd5 Rxd5 30. Nxd5 Ne6 31. Rb4 b5 32. Kg2 Rh5 33. Ne3
Ke7 34. Re4 f5 35. Nd5+ Kf7 36. Re5 c6 37. Nb4 Kf6 38. Nxc6 Nf4+ 39. Kg3 Kg5 40.
f3 Rh3+ 41. Kf2 Nd3+ 42. Ke3 Nxe5 43. Nxe5 Rh2 44. Nd3 f4+ 45. Nxf4 Rxb2 46.
Ne6+ Kf6 47. Nc5 Ra2 48. a4 bxa4 49. Kd4 a3 50. Kc3 Rb2 51. Nxa6 Rb6 0-1

[Event "37th ECC Women 2022"]
[Site "Mayrhofen AUT"]
[Date "2022.10.04"]
[Round "2.4"]
[Board "1"]
[White "Buksa, Nataliya"]
[Black "Mammadzada, Gunay"]
[Result "1/2-1/2"]
[WhiteTitle "IM"]
[BlackTitle "IM"]
[WhiteElo "2413"]
[BlackElo "2483"]
[WhiteTeam "Blue & Yellow"]
[BlackTeam "Odlar Yurdu"]
[WhiteFideId "14123622"]
[BlackFideId "13403729"]
[EventDate "2022.10.03"]

1. e4 c5 2. c3 Nf6 3. e5 Nd5 4. d4 cxd4 5. Nf3 d6 6. cxd4 Nc6 7. Bc4 dxe5 8.
dxe5 Be6 9. O-O g6 10. Ng5 Bg7 11. Nxe6 fxe6 12. f4 O-O 13. Qe2 Qb6+ 14. Kh1
Rad8 15. Nc3 Nd4 16. Qe4 Qc5 17. Bxd5 exd5 18. Qd3 Qc4 19. Qxc4 dxc4 20. Kg1 b5
21. g3 g5 22. Kg2 b4 23. Ne4 gxf4 24. Bxf4 Ne6 25. Rf2 Rd4 26. Re1 Rf5 27. Be3
Rxf2+ 28. Bxf2 Rd7 29. Rc1 Rc7 30. Nd2 c3 31. bxc3 Rxc3 32. Nb3 a5 33. Rb1 a4
34. Na5 Rc2 35. Rxb4 Bxe5 36. Kf1 Rxa2 37. Re4 Bc3 38. Rxe6 Bxa5 39. Rxe7 a3 40.
Re4 Rc2 41. Ra4 a2 42. Rxa5 Rc1+ 43. Kg2 a1=Q 44. Rxa1 Rxa1 45. Kf3 Kf7 46. Be3
Ra2 47. h4 Rh2 48. Bf4 h5 49. Bb8 Rb2 50. Bc7 Rb4 51. Bd6 Ra4 52. Bc7 Ke6 53.
Bb8 Kf5 54. Bd6 Rc4 55. Bb8 Rc3+ 56. Kg2 Kg4 57. Bd6 Rc2+ 58. Kg1 Kf3 59. Be5
Re2 60. Bf4 Re1+ 61. Kh2 1/2-1/2

[Event "37th ECC Women 2022"]
[Site "Mayrhofen AUT"]
[Date "2022.10.04"]
[Round "2.4"]
[Board "2"]
[White "Fataliyeva, Ulviyya"]
[Black "Gaponenko, Inna"]
[Result "1-0"]
[WhiteTitle "IM"]
[BlackTitle "IM"]
[WhiteElo "2422"]
[BlackElo "2348"]
[WhiteTeam "Odlar Yurdu"]
[BlackTeam "Blue & Yellow"]
[WhiteFideId "13403052"]
[BlackFideId "14101181"]
[EventDate "2022.10.03"]

1. e4 c5 2. Nf3 e6 3. d4 cxd4 4. Nxd4 Nf6 5. Nc3 Nc6 6. Nxc6 bxc6 7. Bd3 d5 8.
O-O Be7 9. a3 a5 10. Re1 O-O 11. Bf4 Ba6 12. Qe2 Qb6 13. Bg5 Rfe8 14. Na4 Qb7
15. Bxf6 Bxf6 16. c4 Qb3 17. e5 Be7 18. Qf3 dxc4 19. Bxh7+ Kxh7 20. Qxf7 Qxa4
21. Re3 Bg5 22. Rh3+ Bh6 23. g4 Kh8 24. g5 Rf8 25. Qg6 Rad8 26. gxh6 Rd1+ 27.
Kg2 Rxf2+ 28. Kxf2 Rd2+ 29. Ke1 1-0

[Event "37th ECC Women 2022"]
[Site "Mayrhofen AUT"]
[Date "2022.10.04"]
[Round "2.4"]
[Board "3"]
[White "Doluhanova, Evgeniya"]
[Black "Balajayeva, Khanim"]
[Result "1/2-1/2"]
[WhiteTitle "WGM"]
[BlackTitle "WGM"]
[WhiteElo "2264"]
[BlackElo "2384"]
[WhiteTeam "Blue & Yellow"]
[BlackTeam "Odlar Yurdu"]
[WhiteFideId "14112035"]
[BlackFideId "13406396"]
[EventDate "2022.10.03"]

1. e4 e5 2. Nf3 Nc6 3. Bb5 a6 4. Ba4 Nf6 5. O-O Be7 6. d3 b5 7. Bb3 d6 8. Bd2
O-O 9. a4 Bg4 10. c3 Na5 11. Bc2 c5 12. axb5 axb5 13. Na3 Qd7 14. h3 Bh5 15. Qe2
Rfb8 16. Qe3 Nc6 17. Rfc1 d5 18. exd5 Nxd5 19. Qe2 Bf6 20. Nxe5 Nxe5 21. Qxh5 g6
22. Qd1 b4 23. Nc4 Rxa1 24. Rxa1 bxc3 25. bxc3 Nxc4 26. dxc4 Nxc3 27. Bxc3 Qxd1+
28. Rxd1 Bxc3 29. Rb1 Ra8 30. Bb3 Rd8 31. Rd1 Rb8 32. Rb1 Rd8 33. Rd1 Rb8 34.
Rb1 Rd8 1/2-1/2

[Event "37th ECC Women 2022"]
[Site "Mayrhofen AUT"]
[Date "2022.10.04"]
[Round "2.4"]
[Board "4"]
[White "Beydullayeva, Govhar"]
[Black "Tarleva, Diana"]
[Result "1-0"]
[WhiteTitle "WGM"]
[BlackTitle "WGM"]
[WhiteElo "2356"]
[BlackElo "2175"]
[WhiteTeam "Odlar Yurdu"]
[BlackTeam "Blue & Yellow"]
[WhiteFideId "13413015"]
[BlackFideId "14107244"]
[EventDate "2022.10.03"]

1. d4 c5 2. d5 e6 3. e4 exd5 4. exd5 d6 5. Bd3 Nf6 6. Nc3 Be7 7. h3 O-O 8. Nf3
Na6 9. O-O Nc7 10. Re1 Rb8 11. a4 Ncxd5 12. Nxd5 Nxd5 13. Bxh7+ Kxh7 14. Qxd5
Be6 15. Qh5+ Kg8 16. Re4 Qb6 17. Bg5 Qxb2 18. Bxe7 Qxa1+ 19. Kh2 g6 20. Qg5 Bf5
21. Re1 Qh8 22. g4 Qc3 23. Re3 f6 24. Qh4 g5 25. Qg3 Qxc2 26. Bxf8 Rxf8 27. gxf5
Rf7 28. Nxg5 1-0

[Event "37th ECC Women 2022"]
[Site "Mayrhofen AUT"]
[Date "2022.10.04"]
[Round "2.5"]
[Board "1"]
[White "Peglau, Charis"]
[Black "Muzychuk, Mariya"]
[Result "0-1"]
[BlackTitle "GM"]
[WhiteElo "1960"]
[BlackElo "2527"]
[WhiteTeam "Schachzentrum Seeblick e.V."]
[BlackTeam "TAJFUN - SK Ljubljana"]
[WhiteFideId "16219996"]
[BlackFideId "14114550"]
[EventDate "2022.10.03"]

1. d4 Nf6 2. Nf3 e6 3. Bf4 c5 4. e3 Nc6 5. c3 d5 6. Bd3 Bd6 7. Bxd6 Qxd6 8. Nbd2
O-O 9. O-O e5 10. dxe5 Nxe5 11. Nxe5 Qxe5 12. Nf3 Qe7 13. h3 Bd7 14. Qc2 Bc6 15.
Rfe1 Rad8 16. a4 a5 17. Qe2 Ne4 18. Bb5 Rd6 19. Red1 Rfd8 20. Rac1 f5 21. Bxc6
bxc6 22. c4 Rb8 23. Qc2 Qf6 24. b3 d4 25. exd4 cxd4 26. c5 Rd5 27. Qc4 Rb4 28.
Qa6 Rxb3 29. Qxa5 d3 30. Nd2 Rb8 31. Qc7 Rf8 32. a5 Qd4 33. Nxe4 fxe4 34. Qg3
Rxc5 35. Qe3 Qxe3 36. fxe3 Rxa5 37. Rxc6 Ra2 38. Re6 Rff2 39. Re8+ Kf7 40. Rxe4
Rxg2+ 41. Kh1 Rh2+ 42. Kg1 Rag2+ 43. Kf1 Rf2+ 44. Kg1 Rhg2+ 45. Kh1 d2 46. h4
Rg3 47. Ra1 Re2 48. Ra7+ Kg6 49. Rd7 Kh6 50. Red4 Rgxe3 51. Rxd2 Rh3+ 52. Kg1
Rxd2 0-1

[Event "37th ECC Women 2022"]
[Site "Mayrhofen AUT"]
[Date "2022.10.04"]
[Round "2.5"]
[Board "2"]
[White "Urh, Zala"]
[Black "Peglau, Dora"]
[Result "1-0"]
[WhiteTitle "WIM"]
[WhiteElo "2221"]
[BlackElo "1745"]
[WhiteTeam "TAJFUN - SK Ljubljana"]
[BlackTeam "Schachzentrum Seeblick e.V."]
[WhiteFideId "14611481"]
[BlackFideId "16220005"]
[EventDate "2022.10.03"]

1. d4 Nf6 2. c4 e6 3. Nc3 Bb4 4. Nf3 O-O 5. e3 d5 6. Bd2 c5 7. a3 Bxc3 8. Bxc3
Ne4 9. Rc1 Nxc3 10. Rxc3 cxd4 11. exd4 Nc6 12. Bd3 Re8 13. O-O e5 14. dxe5 d4
15. Rb3 Bg4 16. Qc2 Na5 17. Bxh7+ Kh8 18. Rd3 Nc6 19. Be4 Nxe5 20. Nxe5 Rxe5 21.
Rg3 Qd7 22. f4 Rh5 23. f5 Rh4 24. Rf4 d3 25. Qxd3 Qxd3 26. Bxd3 Rd8 27. Bf1 1-0

[Event "37th ECC Women 2022"]
[Site "Mayrhofen AUT"]
[Date "2022.10.04"]
[Round "2.5"]
[Board "3"]
[White "Peglau, Mirjam"]
[Black "Vidic, Teja"]
[Result "0-1"]
[BlackTitle "WIM"]
[WhiteElo "1886"]
[BlackElo "2126"]
[WhiteTeam "Schachzentrum Seeblick e.V."]
[BlackTeam "TAJFUN - SK Ljubljana"]
[WhiteFideId "16211138"]
[BlackFideId "14605511"]
[EventDate "2022.10.03"]

1. e4 e5 2. Nf3 Nc6 3. d4 exd4 4. Nxd4 Nf6 5. Nxc6 bxc6 6. Bd3 Bc5 7. O-O d6 8.
Bg5 h6 9. Bh4 g5 10. Bg3 h5 11. e5 h4 12. Bxh4 Rxh4 13. exf6 Qxf6 14. Nd2 d5 15.
Qf3 Qh6 16. Rae1+ Be6 17. Ne4 dxe4 18. Rxe4 g4 19. Qf5 Rxh2 0-1

[Event "37th ECC Women 2022"]
[Site "Mayrhofen AUT"]
[Date "2022.10.04"]
[Round "2.5"]
[Board "4"]
[White "Kejzar, Petra"]
[Black "Peglau, Sarah"]
[Result "1-0"]
[WhiteTitle "WFM"]
[WhiteElo "2120"]
[BlackElo "1794"]
[WhiteTeam "TAJFUN - SK Ljubljana"]
[BlackTeam "Schachzentrum Seeblick e.V."]
[WhiteFideId "14610213"]
[BlackFideId "16219961"]
[EventDate "2022.10.03"]

1. d4 d5 2. c4 dxc4 3. Nf3 Nf6 4. g3 c6 5. Bg2 b5 6. O-O e6 7. Bg5 Be7 8. a4 Bb7
9. Qc2 O-O 10. axb5 cxb5 11. Bxf6 Bxf6 12. Ng5 Bxg5 13. Bxb7 Nd7 14. Bxa8 Qxa8
15. Nc3 Qc6 16. Rxa7 Nf6 17. Rfa1 e5 18. dxe5 Ng4 19. Qf5 Ne3 20. Qf3 Qxf3 21.
exf3 Nc2 22. Rd1 1-0

[Event "37th ECC Women 2022"]
[Site "Mayrhofen AUT"]
[Date "2022.10.05"]
[Round "3.1"]
[Board "1"]
[White "Danielian, Elina"]
[Black "Muzychuk, Anna"]
[Result "1/2-1/2"]
[WhiteTitle "GM"]
[BlackTitle "GM"]
[WhiteElo "2431"]
[BlackElo "2534"]
[WhiteTeam "ASVOe Pamhagen"]
[BlackTeam "Cercle d'Echecs de Monte-Carlo"]
[WhiteFideId "13300210"]
[BlackFideId "14111330"]
[EventDate "2022.10.03"]

1. Nf3 c5 2. c4 Nf6 3. Nc3 d5 4. cxd5 Nxd5 5. e3 e6 6. Qa4+ Bd7 7. Qb3 Nxc3 8.
bxc3 Qc7 9. Rb1 b6 10. c4 Be7 11. Bb2 O-O 12. Ne5 Be8 13. Bd3 Nc6 14. Nxc6 Bxc6
15. Qc2 f5 16. O-O Rad8 17. Be2 Bd6 18. f4 e5 19. fxe5 Bxe5 20. Bxe5 Qxe5 21.
Bf3 Bxf3 22. Rxf3 f4 23. Rbf1 fxe3 24. dxe3 Rxf3 25. Rxf3 g6 26. h3 Kg7 27. Qa4
Kh6 28. Qc2 Rd7 29. a4 Kg7 30. Kf2 Rd6 31. Rf4 Re6 32. Qd3 Rd6 33. Qc2 Re6 34.
Qd3 Rd6 1/2-1/2

[Event "37th ECC Women 2022"]
[Site "Mayrhofen AUT"]
[Date "2022.10.05"]
[Round "3.1"]
[Board "2"]
[White "Stefanova, Antoaneta"]
[Black "Ushenina, Anna"]
[Result "0-1"]
[WhiteTitle "GM"]
[BlackTitle "GM"]
[WhiteElo "2440"]
[BlackElo "2445"]
[WhiteTeam "Cercle d'Echecs de Monte-Carlo"]
[BlackTeam "ASVOe Pamhagen"]
[WhiteFideId "2902257"]
[BlackFideId "14110911"]
[EventDate "2022.10.03"]

1. d4 d5 2. Bf4 e6 3. e3 Bd6 4. Nf3 Bxf4 5. exf4 Ne7 6. Nbd2 b6 7. h4 Ba6 8.
Bxa6 Nxa6 9. Qe2 Nb8 10. h5 h6 11. c3 Qd6 12. Ne5 c5 13. Ndf3 Nbc6 14. Rd1 O-O
15. O-O Rac8 16. Rfe1 Rc7 17. Rd3 Rfc8 18. dxc5 bxc5 19. Nh4 Nxe5 20. fxe5 Qa6
21. b3 Qb5 22. c4 Qe8 23. g4 dxc4 24. bxc4 Rd7 25. Rg3 Rd4 26. Nf3 Rf4 27. Nd2
Qd7 28. Nb3 Qa4 29. Rc1 Qc6 30. Qd3 Re4 31. Qd6 Qc7 32. f4 Rxf4 33. Re1 Rxc4 34.
Qd3 Rb4 35. Qc2 c4 36. Nd2 c3 37. Nb3 a5 38. Nc1 Qc5+ 39. Kh1 Rb2 40. Qe4 Qf2
41. Rg2 Qh4+ 42. Kg1 Rd8 43. Rf1 Rxg2+ 44. Kxg2 Rd2+ 45. Ne2 Nd5 46. Rf2 c2 47.
Qf3 Qxg4+ 48. Qxg4 Ne3+ 0-1

[Event "37th ECC Women 2022"]
[Site "Mayrhofen AUT"]
[Date "2022.10.05"]
[Round "3.1"]
[Board "3"]
[White "Osmak, Yuliia"]
[Black "Cramling, Pia"]
[Result "1/2-1/2"]
[WhiteTitle "IM"]
[BlackTitle "GM"]
[WhiteElo "2428"]
[BlackElo "2459"]
[WhiteTeam "ASVOe Pamhagen"]
[BlackTeam "Cercle d'Echecs de Monte-Carlo"]
[WhiteFideId "14101602"]
[BlackFideId "1700030"]
[EventDate "2022.10.03"]

1. d4 Nf6 2. c4 e6 3. Nc3 Bb4 4. e3 O-O 5. Bd3 d5 6. Nf3 c5 7. O-O dxc4 8. Bxc4
Nbd7 9. Qe2 a6 10. a3 Ba5 11. Rd1 b5 12. Ba2 Bb7 13. dxc5 Bxc3 14. bxc3 Qc7 15.
c4 bxc4 16. Bb2 Ng4 17. c6 Qxc6 18. Qxc4 Qxc4 19. Bxc4 Nb6 20. Be2 Bd5 21. Rac1
a5 22. Bd4 Rab8 23. Rc5 a4 24. e4 Bb3 25. Rdc1 Nf6 26. Rc6 Nbd7 27. Rc7 Rfd8 28.
Ba7 Ra8 29. Bb5 e5 30. g4 h6 31. h3 Be6 32. Bc6 Rac8 33. Bxa4 Rxc7 34. Rxc7 Nxe4
35. Bc6 Ndf6 36. Nxe5 Rd1+ 37. Kh2 Rd2 38. Be3 Ra2 39. Nd3 Rxa3 40. Nf4 Ba2 41.
Rc8+ Kh7 42. Ra8 1/2-1/2

[Event "37th ECC Women 2022"]
[Site "Mayrhofen AUT"]
[Date "2022.10.05"]
[Round "3.1"]
[Board "4"]
[White "Paehtz, Elisabeth"]
[Black "Maltsevskaya, Aleksandra"]
[Result "0-1"]
[WhiteTitle "IM"]
[BlackTitle "IM"]
[WhiteElo "2469"]
[BlackElo "2389"]
[WhiteTeam "Cercle d'Echecs de Monte-Carlo"]
[BlackTeam "ASVOe Pamhagen"]
[WhiteFideId "4641833"]
[BlackFideId "24174041"]
[EventDate "2022.10.03"]

1. d4 d5 2. Nf3 c5 3. c3 e6 4. g3 Nc6 5. Bg2 Bd6 6. O-O Nf6 7. a3 O-O 8. dxc5
Bxc5 9. c4 dxc4 10. Nbd2 Na5 11. Qc2 Qc7 12. Ng5 h6 13. Nge4 Nxe4 14. Nxe4 Be7
15. b4 Nb3 16. Rb1 Nd4 17. Qa2 e5 18. Nc3 Bf5 19. Rb2 Rfd8 20. f4 e4 21. Be3 Bf6
22. g4 Bxg4 23. Nxe4 c3 24. Nxf6+ gxf6 25. Bxd4 Rxd4 26. Rc2 Rxf4 27. Rfc1 Be6
28. Qa1 Rh4 29. Rxc3 Qxh2+ 30. Kf2 Rg4 31. Rg1 Bd5 32. Rf3 Bxf3 33. exf3 Rd8 34.
fxg4 Qf4+ 35. Ke1 Rd2 0-1

[Event "37th ECC Women 2022"]
[Site "Mayrhofen AUT"]
[Date "2022.10.05"]
[Round "3.2"]
[Board "1"]
[White "Bulmaga, Irina"]
[Black "Mammadzada, Gunay"]
[Result "1/2-1/2"]
[WhiteTitle "IM"]
[BlackTitle "IM"]
[WhiteElo "2417"]
[BlackElo "2483"]
[WhiteTeam "CSU ASE Superbet"]
[BlackTeam "Odlar Yurdu"]
[WhiteFideId "13903063"]
[BlackFideId "13403729"]
[EventDate "2022.10.03"]

1. e4 c5 2. Nf3 d6 3. d4 cxd4 4. Nxd4 Nf6 5. Nc3 a6 6. Be3 e5 7. Nb3 Be7 8. f3
Be6 9. Qd2 h5 10. Be2 O-O 11. Nd5 Nxd5 12. exd5 Bf5 13. O-O a5 14. f4 Bg4 15.
Bxg4 hxg4 16. fxe5 dxe5 17. Rad1 Bd6 18. Nc5 Qe7 19. Ne4 f5 20. Bg5 Qd7 21. Nxd6
Qxd6 22. Qd3 g6 23. h3 gxh3 24. g4 f4 25. Rd2 Kg7 26. Qxh3 Rh8 27. Qc3 Nd7 28.
Rxf4 Rhc8 29. Rc4 Rxc4 30. Qxc4 Qb4 31. Qxb4 axb4 32. Be7 Rxa2 33. b3 Ra1+ 34.
Kg2 Re1 35. Kf3 Rf1+ 36. Kg3 Rf4 37. Bg5 Re4 38. Kf3 Re1 39. Be7 Rf1+ 40. Kg3
Rf4 41. Bg5 Re4 42. Kf3 Re1 43. Be7 1/2-1/2

[Event "37th ECC Women 2022"]
[Site "Mayrhofen AUT"]
[Date "2022.10.05"]
[Round "3.2"]
[Board "2"]
[White "Fataliyeva, Ulviyya"]
[Black "Saduakassova, Dinara"]
[Result "1/2-1/2"]
[WhiteTitle "IM"]
[BlackTitle "IM"]
[WhiteElo "2422"]
[BlackElo "2434"]
[WhiteTeam "Odlar Yurdu"]
[BlackTeam "CSU ASE Superbet"]
[WhiteFideId "13403052"]
[BlackFideId "13700090"]
[EventDate "2022.10.03"]

1. d4 Nf6 2. c4 e6 3. Nf3 d5 4. Nc3 a6 5. cxd5 exd5 6. Bg5 Be6 7. Bxf6 Qxf6 8.
Qb3 Ra7 9. g3 Qd8 10. h4 Be7 11. Bh3 Bxh3 12. Rxh3 c6 13. e4 b5 14. exd5 b4 15.
Ne2 cxd5 16. Nf4 O-O 17. Kf1 Bd6 18. Nxd5 Rd7 19. Ne3 Nc6 20. Ng5 g6 21. Qd5 Ne7
22. Qf3 h6 23. Ne4 f5 24. Nc5 Bxc5 25. dxc5 Qc7 26. Rc1 Qe5 27. c6 Rc7 28. Qf4
Qxf4 29. gxf4 Rxc6 30. Rxc6 Nxc6 31. Rg3 Kg7 32. Nc4 h5 33. Re3 Kf6 34. Ne5 Rc8
35. Ke1 Nd4 36. Nd7+ Kf7 37. Ne5+ Kf6 38. Nd7+ Kf7 39. Ne5+ Kf6 40. Nd7+ 1/2-1/2

[Event "37th ECC Women 2022"]
[Site "Mayrhofen AUT"]
[Date "2022.10.05"]
[Round "3.2"]
[Board "3"]
[White "Atalik, Ekaterina"]
[Black "Mammadova, Gulnar"]
[Result "1/2-1/2"]
[WhiteTitle "IM"]
[BlackTitle "IM"]
[WhiteElo "2406"]
[BlackElo "2389"]
[WhiteTeam "CSU ASE Superbet"]
[BlackTeam "Odlar Yurdu"]
[WhiteFideId "4130189"]
[BlackFideId "13403508"]
[EventDate "2022.10.03"]

1. c4 e5 2. d3 Nc6 3. Nc3 g6 4. g3 Bg7 5. Bg2 Nge7 6. Nf3 d6 7. O-O O-O 8. Rb1
f5 9. Bd2 h6 10. b4 g5 11. b5 Nb8 12. Ne1 Nd7 13. Nc2 Nc5 14. Nb4 f4 15. Ne4
Nxe4 16. Bxe4 Rb8 17. Qa4 Bf5 18. f3 Bxe4 19. dxe4 Ra8 20. g4 Qd7 21. Qb3 Kh7
22. Nd3 b6 23. Nb4 h5 24. h3 Rh8 25. Kg2 Kg6 26. Nd5 Ng8 27. Rh1 Nf6 28. Nxf6
Bxf6 29. Qd3 Qc8 30. a4 a5 31. Qd5 Rh7 32. Bc3 Qg8 33. Rbg1 Qxd5 34. cxd5 Rah8
35. gxh5+ Rxh5 36. Be1 Kf7 37. Bf2 Bd8 38. Rh2 R5h7 39. Rgh1 Rh5 40. Be1 1/2-1/2

[Event "37th ECC Women 2022"]
[Site "Mayrhofen AUT"]
[Date "2022.10.05"]
[Round "3.2"]
[Board "4"]
[White "Balajayeva, Khanim"]
[Black "Efroimski, Marsel"]
[Result "0-1"]
[WhiteTitle "WGM"]
[BlackTitle "IM"]
[WhiteElo "2384"]
[BlackElo "2462"]
[WhiteTeam "Odlar Yurdu"]
[BlackTeam "CSU ASE Superbet"]
[WhiteFideId "13406396"]
[BlackFideId "2810964"]
[EventDate "2022.10.03"]

1. e4 c5 2. Nf3 d6 3. d4 cxd4 4. Nxd4 Nf6 5. Nc3 Nc6 6. Bg5 g6 7. Bxf6 exf6 8.
Be2 Bg7 9. Ndb5 O-O 10. O-O f5 11. Nxd6 fxe4 12. Ncxe4 Bxb2 13. Rb1 Be5 14. Nxc8
Qxc8 15. f4 Bg7 16. f5 Nd4 17. f6 Nxe2+ 18. Qxe2 Bh6 19. Qf2 Qc4 20. Rfe1 Rfe8
21. Qf3 b6 22. Kh1 Bf8 23. c3 Qxa2 24. h4 Re5 25. Ng5 Rae8 26. Red1 h6 27. Nh3
Qe2 28. Qb7 Qg4 29. Qxa7 Re2 30. Qb7 R8e4 31. Rg1 Rxg2 32. Rxg2 Qxh3+ 33. Rh2
Qf3+ 0-1

[Event "37th ECC Women 2022"]
[Site "Mayrhofen AUT"]
[Date "2022.10.05"]
[Round "3.3"]
[Board "1"]
[White "Kashlinskaya, Alina"]
[Black "Muzychuk, Mariya"]
[Result "1-0"]
[WhiteTitle "IM"]
[BlackTitle "GM"]
[WhiteElo "2482"]
[BlackElo "2527"]
[WhiteTeam "BGK KS Gwiazda Bydgoszcz"]
[BlackTeam "TAJFUN - SK Ljubljana"]
[WhiteFideId "4198026"]
[BlackFideId "14114550"]
[EventDate "2022.10.03"]

1. d4 d5 2. c4 c6 3. Nf3 Nf6 4. e3 Bf5 5. Nc3 e6 6. Nh4 Bg6 7. Qb3 Qc7 8. Bd2
Ne4 9. Nxe4 Bxe4 10. f3 dxc4 11. Bxc4 Bd5 12. e4 Bxc4 13. Qxc4 Be7 14. g3 Bxh4
15. gxh4 Nd7 16. O-O-O O-O-O 17. Kb1 Kb8 18. Be1 Nb6 19. Qc5 Ka8 20. Bg3 Qd7 21.
Rd3 Nc8 22. Qe5 Nd6 23. Qxg7 f5 24. Qe5 fxe4 25. fxe4 Rhf8 26. Rc1 Qf7 27. h5
Qg8 28. Bh4 Rd7 29. Rg3 Qf7 30. h6 Rg8 31. Rg7 Rxg7 32. hxg7 Qxg7 33. Qxe6 a6
34. Bg3 Qf7 35. d5 cxd5 36. exd5 Qf5+ 37. Ka1 Qg5 38. Re1 Qd8 39. a3 Nc4 40. d6
Na5 41. Rf1 Qc8 42. Qd5 Nc6 43. Rf6 Qe8 44. Qf3 Rd8 45. Rf7 Na5 46. Qd5 Qe3 47.
Qxa5 Qc1+ 48. Ka2 Qc4+ 49. Kb1 Rc8 50. Rc7 1-0